La página de cada día / (Record no. 100159)

MARC details
000 -LEADER
campo de control de longitud fija 00800nam a2200229 i 4500
001 - NÚMERO DE CONTROL
campo de control 100159
003 - IDENTIFICADOR DE NÚMERO DE CONTROL
campo de control ES-MaACL
005 - FECHA Y HORA DE LA ÚLTIMA TRANSACCIÓN
campo de control 20230906182622.0
007 - CAMPO FIJO DE DESCRIPCIÓN FÍSICA--INFORMACIÓN GENERAL
campo de control de longitud fija t|
008 - DATOS DE LONGITUD FIJA--INFORMACIÓN GENERAL
campo de control de longitud fija 050922s1972 sp a |||| | spa d
080 ## - NÚMERO DE LA CLASIFICACIÓN DECIMAL UNIVERSAL
Número de la Clasificación Decimal Universal 821.134.2-1/32"19"
100 1# - ENTRADA PRINCIPAL--NOMBRE DE PERSONA
Nombre de persona Martínez Valderrama, María Luz.
9 (RLIN) 78459
245 13 - MENCIÓN DEL TÍTULO
Título La página de cada día /
Mención de responsabilidad, etc. Mª Luz Martínez Valderrama ; prólogo de Jose Luis Cano ; dibujos de Domingo Viladomat.
260 ## - PUBLICACIÓN, DISTRIBUCIÓN, ETC.
Lugar de publicación, distribución, etc. Madrid :
Nombre del editor, distribuidor, etc. Vassallo de Mumbert,
Fecha de publicación, distribución, etc. 1972.
300 ## - DESCRIPCIÓN FÍSICA
Extensión 266 p. :
Otras características físicas il. ;
Dimensiones 20 cm.
490 1# - MENCIÓN DE SERIE
Mención de serie Biblioteca literaria "Tomás Borrás"
700 1# - ENTRADA AGREGADA--NOMBRE PERSONAL
Nombre de persona Cano, José Luis,
Fechas asociadas al nombre 1912-1999
9 (RLIN) 34532
700 1# - ENTRADA AGREGADA--NOMBRE PERSONAL
Nombre de persona Viladomat, Domingo.
9 (RLIN) 114752
830 0# - PUNTO DE ACCESO ADICIONAL DE SERIE-TÍTULO UNIFORME
Título uniforme Biblioteca literaria "Tomás Borrás"
9 (RLIN) 184558
852 ## - LOCALIZACIÓN
Ubicación ES-MaACL
Número de control de estantería C-45815
Holdings
Estatus retirado Estado de pérdida Estado de daño No para préstamo Biblioteca de origen Biblioteca actual Ubicación en estantería Fecha de adquisición Fuente de adquisición Total de préstamos Signatura topográfica completa Código de barras Visto por última vez Precio de reemplazo Tipo de ítem Koha
        Biblioteca del Ateneo de Madrid Biblioteca del Ateneo de Madrid Depósito 2 17/01/2008     C-45815 1104586 23/02/2023 23/02/2023 Libro impreso